| 000 | 00486cam a2200193ua 4500 | ||
|---|---|---|---|
| 001 | 817 | ||
| 005 | 20260515113229.0 | ||
| 008 | 110421n ii |||gr||||Z||||||asm | ||
| 040 | _cMAIN | ||
| 082 | _a320.513 | ||
| 245 | 1 |
_aAdhunik rajnaitik bisleson _cby Purandar Gogoi |
|
| 250 | _a1st. | ||
| 260 |
_aDibrugarh: _bBanalata ,996. |
||
| 300 |
_a174p.: _c7cm. |
||
| 653 | _apolitical science | ||
| 653 | _aAdhunik rajnaitik bisleson | ||
| 700 |
_aGogoi, Purandar., _eAuthor. |
||
| 942 | _cBK | ||
| 999 |
_c742 _d742 |
||